[Event "XXXIV Moglianoscacchi A"]
[Site "Mogliano Veneto ITA"]
[Date "2013.04.28"]
[Round "6"]
[White "Garonzi, Martino"]
[Black "Danieli, Enrico"]
[WhiteElo "2011"]
[BlackElo "2129"]
[Result "1-0"]
[PlyCount "123"]
[EventDate "2013.04.25"]

1. e4 c6 2. d4 d5 3. Nc3 dxe4 4. Nxe4 Nf6 5. Ng3 g6 6. Nf3 Nbd7 7. Bc4 Bg7 8.
O-O O-O 9. Re1 Nb6 10. Bb3 Bg4 11. c3 Qc7 12. h3 Bxf3 13. Qxf3 e6 14. Bg5 Nbd7
15. Ne4 Nxe4 16. Qxe4 Rfe8 17. Rad1 Qa5 18. Bh4 Nf6 19. Qf3 Qh5 20. Qg3 Qa5 21.
Qf3 Qh5 22. Qg3 Qa5 23. Bg5 Qb6 24. Qf3 Nd7 25. Be3 Qc7 26. c4 a5 27. Bc2 a4
28. b3 axb3 29. Bxb3 Qd8 30. d5 Ne5 31. Qf4 exd5 32. cxd5 Qf6 33. Qb4 Bf8 34.
Qb6 Bd6 35. dxc6 bxc6 36. Bd4 Rab8 37. Qxc6 Nf3+ 38. Qxf3 Rxe1+ 39. Rxe1 Qxd4
40. Qxf7+ Kh8 41. Re8+ Rxe8 42. Qxe8+ Kg7 43. Qf7+ Kh6 44. g3 Bxg3 45. Qf8+ Kg5
46. Qe7+ Kf4 47. Qe2 h5 48. Kg2 Bh4 49. Qf3+ Ke5 50. Bf7 g5 51. Bxh5 Qa4 52.
Bf7 Qe4 53. Qxe4+ Kxe4 54. Be6 Kd3 55. a4 Kd4 56. a5 Kc5 57. Bd7 Kd6 58. a6 Kc7
59. Bb5 Kb6 60. Be2 Ka7 61. Kf3 Kb6 62. Kg4 1-0

[Event "XXXIV Moglianoscacchi A"]
[Site "Mogliano Veneto ITA"]
[Date "2013.04.28"]
[Round "6"]
[White "Roberti, Ignazio"]
[Black "Della Sala, Bruno"]
[WhiteElo "1902"]
[BlackElo "1928"]
[Result "0-1"]
[PlyCount "68"]
[EventDate "2013.04.25"]

1. Nf3 Nf6 2. b3 d5 3. Bb2 e6 4. e3 Bd6 5. d4 O-O 6. Bd3 c5 7. Nbd2 Qc7 8. dxc5
Bxc5 9. Bxf6 gxf6 10. Nd4 Qe5 11. N2f3 Bb4+ 12. Ke2 Qd6 13. g4 Nc6 14. Qf1 Ne5
15. Qh3 Nxd3 16. cxd3 e5 17. Nf5 Bxf5 18. gxf5 e4 19. Rag1+ Kh8 20. Rg4 exf3+
21. Kxf3 Rg8 22. Rh4 Rg7 23. Rg1 Rd8 24. Rgg4 a5 25. Rh6 Qe5 26. Rgh4 Kg8 27.
Rxh7 Kf8 28. Rh8+ Ke7 29. d4 Qc7 30. Rxd8 Qxd8 31. Rh8 Rg8 32. Rh6 Rg5 33. Rh7
Qd7 34. Qh6 Qxf5+ 0-1

[Event "XXXIV Moglianoscacchi A"]
[Site "Mogliano Veneto ITA"]
[Date "2013.04.28"]
[Round "6"]
[White "Simonetto, Adriano"]
[Black "Cardarelli, Angelo"]
[WhiteElo "2019"]
[BlackElo "1957"]
[Result "0-1"]
[PlyCount "76"]
[EventDate "2013.04.25"]

1. d4 Nf6 2. c4 e6 3. Nc3 Bb4 4. e3 b6 5. Bd3 Bb7 6. Nf3 Ne4 7. Qc2 Bxc3+ 8.
bxc3 f5 9. O-O O-O 10. Nd2 Nxd2 11. Bxd2 Qh4 12. f3 Nc6 13. Be1 Qg5 14. Qe2
Rae8 15. Bg3 d6 16. c5 bxc5 17. dxc5 f4 18. exf4 Qxc5+ 19. Bf2 Qa5 20. Rab1 Ba8
21. Qe4 g6 22. Bb5 d5 23. Qe2 Rxf4 24. Rfd1 Rf5 25. g4 Rff8 26. Bc5 Rf7 27. Bf2
a6 28. Bxa6 Qxc3 29. Rb3 Qf6 30. Bb5 Rb8 31. Bxc6 Rxb3 32. Bxa8 Rxf3 33. Bg3 h5
34. gxh5 gxh5 35. Be5 Qg5+ 36. Kh1 Rf2 37. Rg1 Qxg1+ 38. Kxg1 Rxe2 0-1

[Event "XXXIV Moglianoscacchi A"]
[Site "Mogliano Veneto ITA"]
[Date "2013.04.28"]
[Round "6"]
[White "Solomon, Kenny"]
[Black "Basso, Pier Luigi"]
[WhiteElo "2406"]
[BlackElo "2222"]
[Result "1/2-1/2"]
[PlyCount "160"]
[EventDate "2013.04.25"]

1. d4 Nf6 2. c4 e6 3. Nf3 d5 4. Nc3 Be7 5. Bf4 O-O 6. e3 b6 7. Bd3 Bb7 8. O-O
Nbd7 9. Qe2 c5 10. Rfd1 cxd4 11. exd4 dxc4 12. Bxc4 Nd5 13. Nxd5 Bxd5 14. Ba6
Nb8 15. Bb5 Bd6 16. Bg3 a6 17. Bd3 Bxg3 18. hxg3 b5 19. a4 bxa4 20. Rxa4 Nc6
21. Ne5 Nxe5 22. dxe5 a5 23. Be4 Qe8 24. Bc2 f5 25. exf6 Rxf6 26. Rh4 g6 27.
Qe5 Qf7 28. Rd2 Rf8 29. Qe3 Qb7 30. Be4 Bxe4 31. Rxe4 Qc6 32. Re2 Rd8 33. Re1
Rd5 34. g4 Rd6 35. Qg5 Rf7 36. Qxa5 Qb6 37. Qxb6 Rxb6 38. b4 Rfb7 39. Rb1 Kf7
40. f3 Rb5 41. Kf2 h5 42. gxh5 Rxh5 43. Rc4 Rg5 44. Rb2 Kf6 45. Ke3 Rd5 46. Rd4
Ke5 47. Re4+ Kf5 48. Rd4 Ke5 49. f4+ Kd6 50. Rxd5+ exd5 51. Rb3 Re7+ 52. Kd2
Re4 53. g3 g5 54. fxg5 Rg4 55. b5 Kc7 56. Ke2 Rxg5 57. Kf3 Kb6 58. Kf4 Rg8 59.
g4 Rf8+ 60. Ke5 Rg8 61. Kf4 Rf8+ 62. Kg3 Rg8 63. Rb1 d4 64. Kf4 Rf8+ 65. Ke4
Rg8 66. Rg1 Rf8 67. Rd1 Re8+ 68. Kf5 Rd8 69. Ke4 Re8+ 70. Kd5 Rd8+ 71. Kc4 Rc8+
72. Kb4 Rd8 73. g5 Rd5 74. Rg1 Rxb5+ 75. Kc4 Kc6 76. Kxd4 Kd6 77. g6 Rb8 78.
Ra1 Ke6 79. Ra6+ Kf5 80. g7 Rg8 1/2-1/2

[Event "XXXIV Moglianoscacchi A"]
[Site "Mogliano Veneto ITA"]
[Date "2013.04.28"]
[Round "6"]
[White "Sorbera, Giovanni"]
[Black "Lodici, Lorenzo"]
[WhiteElo "2168"]
[BlackElo "2051"]
[Result "0-1"]
[PlyCount "100"]
[EventDate "2013.04.25"]

1. e4 c5 2. Nf3 Nc6 3. d4 cxd4 4. Nxd4 e5 5. Nb5 a6 6. Nd6+ Bxd6 7. Qxd6 Qf6 8.
Qc7 Nge7 9. Nc3 O-O 10. Be3 b5 11. Bd3 Nd4 12. Bxd4 exd4 13. Ne2 Ng6 14. O-O
Ne5 15. f4 Nc6 16. f5 Qd8 17. Qd6 Qe7 18. Qxe7 Nxe7 19. Nxd4 Nc6 20. Nf3 Nb4
21. Nd4 f6 22. a4 Nxd3 23. cxd3 bxa4 24. Rxa4 d5 25. exd5 Bd7 26. Ra5 Rfb8 27.
Rf2 Kf7 28. Rc5 Rb7 29. Rfc2 Ke7 30. Kf2 Kd6 31. Ra5 g6 32. g4 Rb4 33. Ke3 Re8+
34. Ne6 Bb5 35. Kf3 gxf5 36. gxf5 Ke5 37. d4+ Kd6 38. Ra3 Rg8 39. Kf2 Kxd5 40.
Re3 Bd7 41. Nc7+ Kd6 42. Ne6 Bc6 43. Ke1 Rg4 44. Kd2 Ba4 45. Rc5 Rxb2+ 46. Kd3
Rg1 47. Nf8 Rd1+ 48. Kc3 Rc2+ 49. Kb4 Rxd4+ 50. Ka3 Rxc5 0-1

[Event "XXXIV Moglianoscacchi A"]
[Site "Mogliano Veneto ITA"]
[Date "2013.04.28"]
[Round "6"]
[White "Vianello, Enrico"]
[Black "Zamengo, Fulvio"]
[WhiteElo "2146"]
[BlackElo "2099"]
[Result "1/2-1/2"]
[PlyCount "208"]
[EventDate "2013.04.25"]

1. Nf3 Nf6 2. c4 g6 3. Nc3 Bg7 4. e4 d6 5. d4 O-O 6. h3 c5 7. d5 Na6 8. Bd3 Nc7
9. O-O a6 10. a4 Rb8 11. Re1 e5 12. dxe6 Nxe6 13. Be3 Nd7 14. Be2 Ne5 15. Qd2
Nxf3+ 16. Bxf3 Nd4 17. Bd1 Be6 18. Ne2 Qb6 19. a5 Qa7 20. Nxd4 cxd4 21. Bf4
Rfd8 22. b3 b5 23. axb6 Qxb6 24. Qa5 Qxa5 25. Rxa5 Rb6 26. c5 Rc6 27. Bxd6
Rdxd6 28. cxd6 Rxd6 29. e5 Rc6 30. Bf3 Rb6 31. Rd1 Rb4 32. Bd5 Bf5 33. Bc4 d3
34. g4 Be4 35. Bxd3 Bf3 36. Rb1 h5 37. gxh5 Rh4 38. Kh2 Rxh5 39. Re1 Rg5 40.
Bf1 Bb7 41. f4 Rf5 42. Ra4 Bh6 43. Kg3 g5 44. fxg5 Bxg5 45. Bg2 Bc8 46. h4 Bd2
47. Re2 Bc3 48. Rc4 Bxe5+ 49. Rxe5 Rxe5 50. Rxc8+ Kg7 51. Rc3 Rb5 52. Bf1 Rb6
53. Bc4 f6 54. Rc2 Kg6 55. Ra2 Kh5 56. Rxa6 Rb8 57. Rxf6 Rxb3+ 58. Kf4 Rb4 59.
Rc6 Ra4 60. Rc8 Rb4 61. Kg3 Ra4 62. Be2+ Kg6 63. Rc6+ Kg7 64. h5 Ra3+ 65. Kh4
Ra5 66. h6+ Kh8 67. Bd3 Ra8 68. Kg5 Rd8 69. Bc4 Rb8 70. Be6 Rd8 71. Kg6 Ra8 72.
Kf7 Rb8 73. Bc8 Ra8 74. Ke7 Ra7+ 75. Kd6 Rf7 76. Ke6 Ra7 77. Bd7 Ra8 78. Kf7
Rd8 79. Be8 Ra8 80. Rg6 Kh7 81. Re6 Ra7+ 82. Kf8 Ra8 83. Ke7 Ra7+ 84. Kd6 Ra8
85. Bg6+ Kg8 86. Ke5 Rb8 87. Kf6 Rf8+ 88. Kg5 Rb8 89. Re7 Rd8 90. Bf5 Kh8 91.
Kg6 Rg8+ 92. Rg7 Re8 93. Rf7 Rg8+ 94. Kf6 Rb8 95. Be6 Rg8 96. Bd5 Rb8 97. Be6
Rg8 98. Rg7 Rf8+ 99. Bf7 Rd8 100. Rg1 Rd2 101. Be6 Rb2 102. Bf5 Ra2 103. h7 Rg2
104. Ra1 Ra2 1/2-1/2

[Event "XXXIV Moglianoscacchi B"]
[Site "Mogliano Veneto ITA"]
[Date "2013.04.25"]
[Round "1"]
[White "Balzan, Marco"]
[Black "Fracasso Pezzolato, Michele"]
[WhiteElo "1732"]
[BlackElo "1845"]
[Result "0-1"]
[PlyCount "60"]
[EventDate "2013.04.25"]

1. e4 Nc6 2. d4 d5 3. Nc3 dxe4 4. d5 Ne5 5. Nxe4 e6 6. f4 Ng6 7. Bb5+ Bd7 8.
Bxd7+ Qxd7 9. dxe6 Qxe6 10. Qe2 O-O-O 11. Ng5 Qd7 12. Be3 h6 13. Ne4 Qa4 14.
Nc3 Bb4 15. Nh3 Nf6 16. O-O Qc6 17. Nb5 Bc5 18. Bxc5 Qxc5+ 19. Kh1 Rhe8 20. Qf2
Qxb5 21. Qxa7 Qa6 22. Qc5 Rd5 23. Qc3 Qc6 24. Qb3 Rd2 25. Rg1 Ree2 26. Qg3 Nh4
27. Qxg7 Rxg2 28. Rxg2 Rxg2 29. Qf8+ Ne8 30. Re1 Rg8+ 0-1

[Event "XXXIV Moglianoscacchi B"]
[Site "Mogliano Veneto ITA"]
[Date "2013.04.25"]
[Round "1"]
[White "Barbieri, Lorenzo"]
[Black "Dai Zotti, Marco"]
[WhiteElo "1807"]
[BlackElo "1646"]
[Result "1-0"]
[PlyCount "109"]
[EventDate "2013.04.25"]

1. c4 g6 2. Nc3 Bg7 3. d3 d6 4. g3 c6 5. Bg2 Nf6 6. d4 O-O 7. e4 a5 8. a3 Nbd7
9. Nge2 e5 10. d5 Nc5 11. b3 Bd7 12. Rb1 cxd5 13. cxd5 Ne8 14. O-O f5 15. f3
Rc8 16. b4 axb4 17. axb4 Na6 18. Be3 b5 19. Qd3 Rc4 20. Na2 fxe4 21. fxe4 Rxf1+
22. Bxf1 Qc8 23. Rc1 Nf6 24. Rxc4 bxc4 25. Qc2 Ng4 26. Bc1 Qc7 27. Nec3 Nxb4
28. Nxb4 Qb6+ 29. Kg2 Qxb4 30. Na2 Qc5 31. h4 Nf6 32. Bxc4 Bb5 33. Bb3 Nd7 34.
Bd2 Qd4 35. Nb4 Nc5 36. Nc6 Qxe4+ 37. Qxe4 Nxe4 38. Bb4 Bf8 39. Kf3 Nf6 40. Nd8
Bd7 41. g4 g5 42. Nc6 Kg7 43. Nd8 h6 44. Nb7 Ne8 45. Nd8 Be7 46. Nb7 Bc8 47.
Na5 Bd8 48. Nc4 Bc7 49. Ba4 Nf6 50. Bc6 Bd7 51. Bxd6 Bxd6 52. Nxd6 Kf8 53. Bxd7
Nxd7 54. Ke4 Kg7 55. Kf5 1-0

[Event "XXXIV Moglianoscacchi B"]
[Site "Mogliano Veneto ITA"]
[Date "2013.04.25"]
[Round "1"]
[White "Bortolotto, Denzio"]
[Black "Simonetto, Alessio"]
[WhiteElo "1815"]
[BlackElo "1662"]
[Result "1-0"]
[PlyCount "63"]
[EventDate "2013.04.25"]

1. d4 d5 2. Nf3 e6 3. g3 Nd7 4. Bg2 Ngf6 5. O-O Be7 6. Nbd2 O-O 7. c4 c6 8. Qc2
Re8 9. Rd1 c5 10. cxd5 Nxd5 11. dxc5 Nxc5 12. a3 Bd7 13. Ne5 Rc8 14. Nxd7 Nxd7
15. Qb1 N7b6 16. Nf3 Qc7 17. e4 Nf6 18. Be3 Ng4 19. Bd4 e5 20. Bc3 Bc5 21. Be1
Red8 22. Rc1 Qd6 23. Bh3 h5 24. Rd1 Qf6 25. Bg2 Qe7 26. Rxd8+ Rxd8 27. Qc2 Bd4
28. Rd1 Rc8 29. Qe2 Qd7 30. h3 Nxf2 31. Bxf2 Bxf2+ 32. Kxf2 1-0

[Event "XXXIV Moglianoscacchi B"]
[Site "Mogliano Veneto ITA"]
[Date "2013.04.25"]
[Round "1"]
[White "Bozzao, Francesco"]
[Black "Civitareale, Alberto"]
[WhiteElo "1857"]
[BlackElo "1737"]
[Result "1/2-1/2"]
[PlyCount "73"]
[EventDate "2013.04.25"]

1. e4 e5 2. Nf3 Nc6 3. Bb5 a6 4. Ba4 Nf6 5. O-O b5 6. Bb3 Be7 7. Re1 O-O 8. a4
Bb7 9. c3 Na5 10. Bc2 d6 11. d4 exd4 12. cxd4 Nc6 13. Bg5 Nb4 14. axb5 Nxc2 15.
Qxc2 axb5 16. Rxa8 Bxa8 17. d5 Nxd5 18. exd5 Bxg5 19. Qf5 Bf6 20. Nc3 Bxc3 21.
bxc3 Re8 22. Rb1 g6 23. Qd3 c6 24. h3 Bb7 25. c4 bxc4 26. Qxc4 cxd5 27. Qb3 Ba8
28. Nd4 Qa5 29. Nf3 Qc5 30. Qa4 Bc6 31. Qh4 Qc3 32. Qh6 Qg7 33. Qf4 Qf8 34. Rb6
Rc8 35. Nd4 Ba8 36. Rxd6 Rd8 37. Rf6 1/2-1/2

[Event "XXXIV Moglianoscacchi B"]
[Site "Mogliano Veneto ITA"]
[Date "2013.04.25"]
[Round "1"]
[White "Carraro, Riccardo"]
[Black "Poletti, Fausto"]
[WhiteElo "1782"]
[BlackElo "1904"]
[Result "0-1"]
[PlyCount "80"]
[EventDate "2013.04.25"]

1. e4 c5 2. Nc3 Nc6 3. f4 g6 4. Nf3 Bg7 5. g3 d6 6. Bg2 e6 7. d3 Nge7 8. g4 O-O
9. O-O Rb8 10. Kh1 b5 11. a3 a5 12. Rb1 b4 13. axb4 Rxb4 14. Bd2 Bd7 15. Nh4
Nd4 16. Ne2 Rb5 17. c4 Rb8 18. Nxd4 Bxd4 19. b3 Nc6 20. Qe1 Nb4 21. Qg3 Nxd3
22. Nxg6 Nf2+ 23. Rxf2 Bxf2 24. Qxf2 fxg6 25. f5 e5 26. Qg3 a4 27. Bh6 Rf7 28.
Qd3 Qb6 29. h4 axb3 30. h5 gxh5 31. g5 Be8 32. g6 hxg6 33. fxg6 Rf6 34. Qd5+
Kh8 35. Rf1 Rxf1+ 36. Bxf1 Bxg6 37. Bh3 Kh7 38. Bf5 Bxf5 39. exf5 Qb7 40. Qxb7+
Rxb7 0-1

[Event "XXXIV Moglianoscacchi B"]
[Site "Mogliano Veneto ITA"]
[Date "2013.04.25"]
[Round "1"]
[White "Gennari, Andrea"]
[Black "Belloni, Umberto"]
[WhiteElo "1654"]
[BlackElo "1808"]
[Result "0-1"]
[PlyCount "24"]
[EventDate "2013.04.25"]

1. d4 d5 2. c4 c6 3. Nc3 e6 4. e4 dxe4 5. Nxe4 Nd7 6. Bf4 Ngf6 7. Nd6+ Bxd6 8.
Bxd6 Qa5+ 9. b4 Qa3 10. Qf3 Qb2 11. Qd1 Ne4 12. Bc5 Qxf2# 0-1

[Event "XXXIV Moglianoscacchi B"]
[Site "Mogliano Veneto ITA"]
[Date "2013.04.25"]
[Round "1"]
[White "Guidobene, Davide"]
[Black "Stefan, Marco"]
[WhiteElo "1682"]
[BlackElo "1840"]
[Result "0-1"]
[PlyCount "36"]
[EventDate "2013.04.25"]

1. d4 c5 2. d5 d6 3. Nc3 g6 4. e4 Bg7 5. Bb5+ Nd7 6. Nge2 a6 7. Bd3 Ne5 8. f3
c4 9. Bxc4 Nxc4 10. Qd3 Ne5 11. Qd1 b5 12. a3 Bb7 13. Bg5 Nf6 14. b3 Qb6 15.
Qd2 O-O 16. Bh6 Rfc8 17. O-O-O Qc5 18. Nb1 Bxh6 0-1

[Event "XXXIV Moglianoscacchi B"]
[Site "Mogliano Veneto ITA"]
[Date "2013.04.25"]
[Round "1"]
[White "Marchetti, Roberto"]
[Black "Girgenti, Giuseppe"]
[WhiteElo "1758"]
[BlackElo "1876"]
[Result "0-1"]
[PlyCount "128"]
[EventDate "2013.04.25"]

1. e4 e5 2. Nf3 Nc6 3. d4 exd4 4. Nxd4 Bc5 5. Be3 Bb6 6. Bc4 Ne5 7. Bb3 d6 8.
Nc3 Nf6 9. f3 Bd7 10. Qe2 Ba5 11. Bd2 a6 12. O-O-O b5 13. f4 Bg4 14. Nf3 Nc6
15. e5 Nd4 16. Qe3 Nxb3+ 17. cxb3 Bb6 18. Qe1 dxe5 19. Qxe5+ Qe7 20. Qxe7+ Kxe7
21. Rde1+ Kf8 22. Ne5 g6 23. Ne4 Nxe4 24. Rxe4 Bf5 25. Re2 Bd4 26. g4 Bxe5 27.
gxf5 Bd6 28. fxg6 hxg6 29. Rf2 Rh5 30. f5 gxf5 31. Rhf1 Rxh2 32. Rxf5 Rh7 33.
Rf6 Re8 34. Bh6+ Ke7 35. Bg5 Kd7 36. Rxf7+ Rxf7 37. Rxf7+ Kc6 38. Rf3 Re2 39.
Bd2 Be5 40. Kd1 Rg2 41. Bc3 Bxc3 42. Rxc3+ Kb6 43. Rc2 Rg1+ 44. Kd2 Rg2+ 45.
Kd1 Rg1+ 46. Kd2 Rg2+ 47. Kd1 Rxc2 48. Kxc2 Kc5 49. a3 b4 50. Kd3 a5 51. a4 Kd5
52. Ke3 c6 53. Ke2 Ke4 54. Kd2 Kd4 55. Ke2 c5 56. Kd2 c4 57. Kc2 c3 58. bxc3+
bxc3 59. Kd1 Kd3 60. Kc1 c2 61. b4 axb4 62. a5 Kc3 63. a6 b3 64. a7 b2# 0-1

[Event "XXXIV Moglianoscacchi B"]
[Site "Mogliano Veneto ITA"]
[Date "2013.04.25"]
[Round "1"]
[White "Negro, Raffaele"]
[Black "Bergamasco, Tommaso"]
[WhiteElo "1838"]
[BlackElo "1680"]
[Result "0-1"]
[PlyCount "98"]
[EventDate "2013.04.25"]

1. d4 Nf6 2. Nf3 g6 3. Nc3 d5 4. Bf4 Bg7 5. Qd2 O-O 6. Bh6 Nc6 7. Bxg7 Kxg7 8.
h4 h5 9. Ng5 e5 10. dxe5 Nxe5 11. O-O-O Be6 12. e3 c6 13. f3 Bf5 14. Be2 Qb6
15. Na4 Qc7 16. Qd4 b6 17. g4 hxg4 18. fxg4 Nexg4 19. Bxg4 Bxg4 20. Rdf1 Qd6
21. Rxf6 Qxf6 22. Qxg4 Qe5 23. Qf4 Rae8 24. Kd2 Qxf4 25. exf4 f6 26. Nh3 Re4
27. Nc3 Rd4+ 28. Kc1 Rh8 29. Ne2 Re4 30. Nc3 Rc4 31. Kd2 Rxh4 32. b3 Rcxf4 33.
Nxf4 Rxh1 34. Ne6+ Kh6 35. Nd4 c5 36. Nde2 d4 37. Ne4 f5 38. N4g3 Rh2 39. Ke1
Kg5 40. Kf1 Kg4 41. Kg1 Rh8 42. Nf1 f4 43. Nh2+ Kf5 44. Nf3 g5 45. Ne1 Re8 46.
Kf2 g4 47. Nd3 g3+ 48. Kf1 g2+ 49. Kf2 Rxe2+ 0-1

[Event "XXXIV Moglianoscacchi B"]
[Site "Mogliano Veneto ITA"]
[Date "2013.04.25"]
[Round "1"]
[White "Panican, Gheorghe"]
[Black "Militello, Michele"]
[WhiteElo "1983"]
[BlackElo "1801"]
[Result "1/2-1/2"]
[PlyCount "222"]
[EventDate "2013.04.25"]

1. e4 d6 2. d4 Nf6 3. Bd3 e5 4. d5 Nbd7 5. c4 Nc5 6. Nc3 a5 7. Bc2 Be7 8. f3
O-O 9. Be3 b6 10. Nge2 Ne8 11. Qd2 f5 12. exf5 Bxf5 13. Bxf5 Rxf5 14. Ng3 Rf8
15. O-O-O Qc8 16. Kb1 a4 17. Nge4 h6 18. Qc2 Nxe4 19. fxe4 Qd7 20. a3 Nf6 21.
Rhf1 Ng4 22. Bg1 Rxf1 23. Rxf1 Bg5 24. Qe2 Rf8 25. Rxf8+ Kxf8 26. g3 Bd8 27. h3
Nf6 28. g4 Nh7 29. Ka2 Bh4 30. Be3 Bg5 31. Bf2 Bd8 32. Be1 Bg5 33. Bg3 Be7 34.
Kb1 Kg8 35. Kc2 Ng5 36. Qg2 Nh7 37. Kd3 Bg5 38. Qf1 h5 39. Qf5 Qxf5 40. gxf5
Bc1 41. Nxa4 Ng5 42. h4 Nf3 43. Kc2 Be3 44. Nc3 Nd4+ 45. Kd3 Bg1 46. b4 Kf7 47.
a4 Ke8 48. Ne2 Nxe2 49. Kxe2 Bd4 50. Be1 Kd7 51. Kd3 Kc8 52. Bd2 Bf2 53. Bg5
Be1 54. b5 Kd7 55. Ke2 Bg3 56. Kf3 Be1 57. Kg2 Ke8 58. Kh3 Kd7 59. Be3 Bb4 60.
Bf2 Ke8 61. Kg3 Bd2 62. Kf3 Bb4 63. Ke2 Kd7 64. Be1 Bc5 65. a5 bxa5 66. Bxa5
Bb6 67. Bd2 Ke8 68. Bb4 Bd4 69. Bd2 Bb6 70. Bg5 Kd7 71. Kd3 Bf2 72. Kc3 Be1+
73. Kb3 Ke8 74. Ka4 Bf2 75. Ka5 Kd7 76. Ka6 Bd4 77. Kb7 Bf2 78. Kb8 Bc5 79. Kb7
Bf2 80. Ka6 Bc5 81. Ka5 Bf2 82. Kb4 Bc5+ 83. Kc3 Bf2 84. Kd2 Bc5 85. Be3 Bb6
86. Ke2 Ke8 87. Bc1 Bd4 88. Ba3 Kd7 89. Bb4 Bb6 90. Bc3 Ke8 91. Kf3 Kf7 92. Bd2
Bd4 93. Bg5 Ke8 94. Ke2 Bc5 95. Kd3 Bf2 96. Kc2 Bc5 97. Kb3 Kd7 98. Ka4 Bf2 99.
Ka5 Bb6+ 100. Ka6 Bf2 101. Kb7 Bd4 102. f6 gxf6 103. Bxf6 Bf2 104. Bg5 Bc5 105.
Ka6 Bf2 106. Ka5 Bb6+ 107. Kb4 Bc5+ 108. Kc3 Bd4+ 109. Kd3 Bc5 110. Be3 Bb6
111. c5 Bxc5 1/2-1/2

[Event "XXXIV Moglianoscacchi B"]
[Site "Mogliano Veneto ITA"]
[Date "2013.04.25"]
[Round "1"]
[White "Penzo, Amleto"]
[Black "Viviani, Bruno"]
[WhiteElo "1845"]
[BlackElo "1729"]
[Result "1-0"]
[PlyCount "49"]
[EventDate "2013.04.25"]

1. d4 Nf6 2. Nf3 g6 3. c4 Bg7 4. Nc3 d5 5. e3 O-O 6. Be2 c5 7. h3 Nc6 8. O-O
cxd4 9. exd4 dxc4 10. Bxc4 e6 11. Bg5 Qa5 12. Be3 Qb4 13. Qb3 Qxb3 14. Bxb3 Ne7
15. Rac1 Bd7 16. Ne5 Rfd8 17. Nxd7 Nxd7 18. Nb5 Nc6 19. Rfd1 a6 20. Nd6 Na5 21.
Rc7 Nxb3 22. axb3 e5 23. Nxb7 Ra7 24. dxe5 Rb8 25. Bxa7 1-0

[Event "XXXIV Moglianoscacchi B"]
[Site "Mogliano Veneto ITA"]
[Date "2013.04.25"]
[Round "1"]
[White "Rampazzo, Loriano"]
[Black "Bonan, Yves"]
[WhiteElo "1748"]
[BlackElo "1869"]
[Result "1-0"]
[PlyCount "77"]
[EventDate "2013.04.25"]

1. Nf3 d5 2. d4 g6 3. e3 Bg7 4. Bd3 Nf6 5. Nbd2 O-O 6. b3 Nc6 7. a3 Nd7 8. c4
dxc4 9. Nxc4 Nb6 10. Bb2 Re8 11. Qc2 Bg4 12. Nfd2 e5 13. Nxe5 Nxe5 14. dxe5 Qd7
15. Be4 c6 16. h3 Be6 17. O-O Bd5 18. f4 Rad8 19. Rad1 Qe7 20. a4 Qb4 21. Bd4
Bf8 22. Bf3 Bxf3 23. Rxf3 Rd5 24. Ne4 Be7 25. Rc1 Red8 26. Rff1 Nc8 27. Qc3
Qxc3 28. Nxc3 R5d7 29. Ne4 Nb6 30. Kf2 Rd5 31. Ke2 Bb4 32. Nf6+ Kg7 33. Nxd5
Rxd5 34. Bxb6 axb6 35. Rfd1 Ra5 36. Rd7 Ra7 37. e6 Kf6 38. exf7 b5 39. axb5 1-0

[Event "XXXIV Moglianoscacchi B"]
[Site "Mogliano Veneto ITA"]
[Date "2013.04.25"]
[Round "1"]
[White "Rosina, Graziano"]
[Black "Orsatti, Marcello"]
[WhiteElo "1784"]
[BlackElo "1926"]
[Result "0-1"]
[PlyCount "84"]
[EventDate "2013.04.25"]

1. Nf3 c5 2. c4 Nc6 3. Nc3 g6 4. g3 Bg7 5. Bg2 d6 6. O-O Bg4 7. d3 Qd7 8. Rb1
Bh3 9. a3 h5 10. Ne4 Nf6 11. Bxh3 Qxh3 12. Neg5 Qd7 13. h4 a5 14. Qa4 O-O 15.
Bd2 Rfe8 16. Qc2 a4 17. b4 axb3 18. Qxb3 Reb8 19. Bc3 e5 20. e4 Ne8 21. Kg2 Nc7
22. a4 Nd4 23. Bxd4 cxd4 24. Ra1 Na6 25. a5 Nc5 26. Qa3 f6 27. Nh3 Qd8 28. Rfb1
b6 29. Rb5 bxa5 30. Ne1 Rxb5 31. cxb5 Qb6 32. Qa2+ Kh7 33. Rb1 a4 34. Qc4 a3
35. Nc2 a2 36. Ra1 Ra4 37. Nb4 Qa5 38. Rxa2 Qxb4 39. Rxa4 Qxa4 40. Qxa4 Nxa4
41. Kf3 Kg8 42. Ke2 Nc3+ 0-1

[Event "XXXIV Moglianoscacchi B"]
[Site "Mogliano Veneto ITA"]
[Date "2013.04.25"]
[Round "1"]
[White "Simonetto, Andrea"]
[Black "Pompili, Alberto"]
[WhiteElo "1637"]
[BlackElo "1803"]
[Result "1-0"]
[PlyCount "72"]
[EventDate "2013.04.25"]

1. d4 e6 2. c4 Nf6 3. Nc3 d5 4. cxd5 exd5 5. Bg5 c6 6. Qc2 Be7 7. e3 Be6 8. Bd3
Nbd7 9. Nf3 h6 10. Bh4 Nh5 11. Bxe7 Qxe7 12. Rc1 Bg4 13. a3 Nhf6 14. h3 Be6 15.
Nd2 O-O 16. g4 Rfd8 17. Ke2 Nf8 18. Rcg1 Ne8 19. f4 f6 20. h4 Qd7 21. g5 Bg4+
22. Nf3 h5 23. Kf2 Kf7 24. Nh2 f5 25. Nxg4 fxg4 26. Bf5 Qe7 27. Bxg4 hxg4 28.
Rxg4 Nd6 29. f5 Ke8 30. Rf4 Kd7 31. Rg1 Re8 32. Rg3 Rad8 33. f6 gxf6 34. gxf6
Qe6 35. h5 Kc8 36. h6 Rd7 1-0

[Event "XXXIV Moglianoscacchi B"]
[Site "Mogliano Veneto ITA"]
[Date "2013.04.25"]
[Round "1"]
[White "Sotter-Klundt, Gerlinde"]
[Black "Artuso, Sofia"]
[WhiteElo "1803"]
[BlackElo "1621"]
[Result "1/2-1/2"]
[PlyCount "62"]
[EventDate "2013.04.25"]

1. d4 d5 2. c4 c6 3. e3 e6 4. Nc3 f5 5. Nf3 Nf6 6. Be2 Bd6 7. O-O O-O 8. cxd5
cxd5 9. Nb5 Ne4 10. Nxd6 Qxd6 11. Qc2 Nd7 12. b3 Rf6 13. Bb2 Rh6 14. Rac1 Qe7
15. Qc7 Qf6 16. Bb5 Nb6 17. Qe5 Nd7 18. Bxd7 Bxd7 19. Rc7 Bc6 20. Ba3 Nc3 21.
Be7 Qxe5 22. Nxe5 Nb5 23. Rxc6 bxc6 24. Nxc6 Rc8 25. Nb4 Kf7 26. Bc5 Ke8 27.
Nd3 Rf6 28. Ne5 Nc3 29. a3 a6 30. f3 g5 31. Re1 a5 1/2-1/2

[Event "XXXIV Moglianoscacchi B"]
[Site "Mogliano Veneto ITA"]
[Date "2013.04.25"]
[Round "1"]
[White "Stringhetta, Elio"]
[Black "Rossi, Gianni"]
[WhiteElo "1680"]
[BlackElo "1822"]
[Result "0-1"]
[PlyCount "61"]
[EventDate "2013.04.25"]

1. d4 e5 2. c3 e4 3. Bf4 Nf6 4. e3 d5 5. Bb5+ Bd7 6. Qa4 c6 7. Be2 Be7 8. Nd2
O-O 9. Qb3 b5 10. f3 Bf5 11. fxe4 Nxe4 12. Ngf3 Nd7 13. O-O g5 14. Nxe4 dxe4
15. Nxg5 Bxg5 16. Bxg5 Qxg5 17. Rf4 Nb6 18. Raf1 Bg6 19. c4 bxc4 20. Bxc4 Nxc4
21. Qxc4 Qd5 22. Qa4 Qb5 23. Qc2 Rac8 24. Rg4 Kh8 25. a4 Qd3 26. Qc1 Rfd8 27.
Rg3 Rd5 28. b4 a6 29. Qa1 Rb8 30. Rc1 Rxb4 31. Rxc6 0-1

[Event "XXXIV Moglianoscacchi B"]
[Site "Mogliano Veneto ITA"]
[Date "2013.04.25"]
[Round "1"]
[White "Zamengo, Bruno"]
[Black "Giancristofaro, Luca"]
[WhiteElo "1900"]
[BlackElo "1780"]
[Result "1-0"]
[PlyCount "141"]
[EventDate "2013.04.25"]

1. e4 e5 2. Nf3 Nc6 3. Bb5 a6 4. Ba4 Nf6 5. O-O Nxe4 6. d4 b5 7. Bb3 d5 8. dxe5
Be6 9. c3 Be7 10. Re1 O-O 11. Nbd2 Nc5 12. Bc2 d4 13. Nb3 dxc3 14. bxc3 Qxd1
15. Rxd1 Rad8 16. Nbd4 Nxd4 17. Nxd4 Rfe8 18. Ba3 Bd5 19. Bb4 Bf8 20. Ba5 Rd7
21. Bf5 Be6 22. Nxe6 Rxd1+ 23. Rxd1 Nxe6 24. Bxe6 Rxe6 25. Bxc7 f6 26. exf6
Rxf6 27. Kf1 Bc5 28. f3 Bb6 29. Be5 Rf5 30. Bg3 Rc5 31. Bf2 Rc6 32. Bxb6 Rxb6
33. Rd8+ Kf7 34. Ke2 Rg6 35. g3 Ke7 36. Rd4 Rc6 37. Kd3 Rf6 38. Re4+ Kd7 39. f4
Rh6 40. h4 Rg6 41. Re3 Rd6+ 42. Kc2 Rc6 43. Kb3 Rc4 44. Re5 Rc6 45. Rg5 g6 46.
h5 Ke7 47. hxg6 hxg6 48. f5 gxf5 49. Rxf5 Rg6 50. Rf3 Kd6 51. Kb4 Rg4+ 52. Kb3
Rg6 53. a4 Rg5 54. Rf6+ Kc5 55. Rxa6 bxa4+ 56. Rxa4 Rxg3 57. Ra5+ Kb6 58. Rh5
Rg6 59. Kb4 Rf6 60. c4 Rg6 61. Rb5+ Kc7 62. Ra5 Kb6 63. c5+ Kc7 64. Ra7+ Kb8
65. Rh7 Rg5 66. Kb5 Rg1 67. Kb6 Rg6+ 68. c6 Rg8 69. Rb7+ Ka8 70. Ra7+ Kb8 71.
c7+ 1-0

[Event "XXXIV Moglianoscacchi B"]
[Site "Mogliano Veneto ITA"]
[Date "2013.04.25"]
[Round "1"]
[White "Zanirato, Stefano"]
[Black "Brunelli, Flavio"]
[WhiteElo "1872"]
[BlackElo "1755"]
[Result "0-1"]
[PlyCount "101"]
[EventDate "2013.04.25"]

1. e4 e6 2. d4 d5 3. Bd3 dxe4 4. Bxe4 Nf6 5. Bg5 Be7 6. Bxf6 Bxf6 7. Nf3 Nd7 8.
O-O O-O 9. c3 a5 10. Nbd2 c5 11. Qe2 cxd4 12. Nxd4 Bxd4 13. cxd4 Qb6 14. Nf3
Nf6 15. Bc2 Bd7 16. b3 Bb5 17. Bd3 Bxd3 18. Qxd3 Rfd8 19. Qe2 Rd5 20. Rac1 Qd8
21. Rc5 b6 22. Rc6 Ne8 23. Rfc1 Nd6 24. h4 g6 25. Ng5 Nf5 26. Nxe6 fxe6 27.
Qxe6+ Kg7 28. Rc7+ Kh6 29. h5 Rxd4 30. Qe2 Qg5 31. hxg6 hxg6 32. R1c3 Qd2 33.
Rh3+ Kg5 34. Qe5 Rad8 35. Rch7 Rg4 36. Rf7 Qd1+ 37. Kh2 Qd6 38. Qxd6 Rxd6 39.
Rb7 Rh4 40. Rxh4 Nxh4 41. g3 Nf5 42. Kg2 Nd4 43. Kh3 Ne2 44. Kg2 Nc1 45. f4+
Kg4 46. Rg7 Nxa2 47. Kf2 Nc1 48. Ke3 Nxb3 49. Ke4 Nc5+ 50. Ke5 Re6+ 51. Kd5 0-1